000 00564nam a2200205 i 4500
001 C2-0229483
003 PPAK
005 20180728160226.0
008 001002s1988 my a|||| ||||| | may d
040 _aPPAK
_beng
_cPPAK
_erda
082 0 4 _a910.02959522
_223
090 0 0 _a910.02959522
_bSAR
_dKSI
245 0 0 _aSarawak dalam muzium
264 1 _aSarawak :
_bMuzium Sarawak ,
_c1988
300 _a38 pages :
_bcolour illustrations ;
_c21 cm
336 _2rdacontent
_atext
337 _2rdamedia
_aunmediated
338 _2rdacarrier
_avolume
942 _ddc
_cB
999 _c149096
_d149096